00875nam a2200229Ia 4500008004100000020002000041040001400061082002000075100002300095245007500118250001000193260003700203300001900240365002800259366000900287505001000296530005700306620009700363630007500460650003500535730007500570100315s9999 xx 000 0 und d a0-385-26095-4  cENGLISH  b4615 a658.4  a"Senge, Peter M. " aThe Fifth Discipline : The Art & Practice of The Learning Organization a1st  aNew York bDoubleday  c1994  a"XIII,423P  " eRupees d1 b528.80  f20  gDYK  bKAMAL BOOKS 057(A)/30-01-2004 a057(A)/30-01-2004  a"WORK GROUPS, EXPANTION IN THE CAPACITY OF PEOPLE TO CREAT THE RESULT THEY TRULY DESIRE,, " aThe Fifth Discipline : The Art & Practice of The Learning Organization aORGANIZATIONAL EFFECTIVENESS  aThe Fifth Discipline : The Art & Practice of The Learning Organization